Регионална библиотека "Любен Каравелов" - Русе

Повече от приятели (Запис номер 71448)

MARC детайли
000 -Лидер
Контролно поле с фиксирана дължина 01364nam a2200337 c 4500
003 - Код на организацията, давaща контролен номер
Контролно поле BLK
005 - Дата и час на последна редакция
Контролно поле 20220401092155.0
008 - Елементи от данни с фиксирана дължина
fixed length control field 180408b bul|||||r ||||||| ||bul||
010 ## - Наследен системен номер
LC control number KNG00075818000
020 ## - Международен стандартен номер на книга ISBN
Международен стандартен номер на книга ISBN 978-954-26-0513-3
-- издат.: Хермес
040 ## - Източник на каталожния запис
Идентификатор на билиотеката - собственик на записа BLK
041 ## - Код за език
Код за езика на текст/звукозапис или на отделно заглавие Български
Код за езика КДБФ Български
080 ## - УДК
Текстов определител УДК Американска литература (на САЩ)
УДК код - определител по УДК 821.111(73)
УДК определител -31
УДК - код + определител 821.111(73)-31
100 1# - Редна дума - Автор
Автор Делински, Барбара
Авторска отговорност първи автор
R(LIN) 59608
139 ## - Редно поле
Редна дума Делински, Барбара
Авторски знак Дели - Д 37
245 10 - Сведения за заглавието
Заглавие Повече от приятели
Подзаглавни данни Роман
Редно поле (дума) Барбара Делински; прев. от англ. Пепа Стоилова Стоилова.
250 ## - Област на изданието
Сведения за изданието 2. изд.
257 ## - Страна на издаване
Страна на създаване/издаване Съединени американски щати
260 ## - Област на издателските данни
-- Пловдив
Име на издателя, разпространителя и проч. Хермес
Година на издаване 2007
Печатница Хасково : Полиграфюг
300 ## - Физическа характеристика
Страници 448 с.
Размери/Мащаб 20 см
380 ## - Жанр
Жанр Худож. лит.
490 1# - СЕРИИ (Колекции)
Име на серия Мегаселър
500 ## - Общи забележки
Забележка Ориг. загл. More Than Friends / Barbara Delinsky. - 1. изд. 1996 на изд. Бард. - Офс. изд.
653 ## - Ключова дума – ненормативна
Ключова дума романи
700 1# - Други автори (авторска отговорност)
Лично име Стоилова, Пепа Стоилова
Автороска отговорност (Описва отношението между автора и произведението) прев. от англ.
9 (RLIN) 364979
852 ## - Местоположение
Форматна сигнатура Цб 234436
856 4# - Електронен адрес и достъп
Електронен формат pdf - файл
Път до файла /url/
856 4# - Електронен адрес и достъп
Електронен формат pdf - файл
Път до файла /url/
942 ## - АРТИКУЛИ
Вид на библиотечния материал Книги
Скрит в OPAC Не
Koha issues (borrowed), all copies 25
944 ## - СЪЗДАВАНЕ И РЕДАКЦИЯ на ЗАПИСА
Създаване/Редакция Създаване
Дата на регистрацията/редакция 20.06.2007
Служител, извършил регистрацията/редакцията Людмила_Стоянова
944 ## - СЪЗДАВАНЕ И РЕДАКЦИЯ на ЗАПИСА
Създаване/Редакция Редакция
Дата на регистрацията/редакция 26.02.2016
Служител, извършил регистрацията/редакцията Виолета_Тройчева
999 ## - СИСТЕМНИ КОНТРОЛНИ НОМЕРА
Koha biblionumber 71448
Koha biblioitemnumber 71448
Наличности
Код за отписване Код за изгубен артикул Източник на класификационната схема Код за повреда Коз за рестрикции Код за отдаване Артикулен № Име на библиотеката - собственик Име на библиотеката, в която се намира в момента Статус (Текущо местоположение) Дата на вписване в системата Местоположение - отдел Цена в лева Инвентарен номер Систематично азбучна сигнатура Баркод Номер на екземпляра Цена в евро Служебна бележка Служебен тип на артикула
Изтеглен Не е изгубен Universal Decimal Classification Не е повреден без рестрикции заемане за дома 116659 Регионална библиотека "Любен Каравелов" Русе Регионална библиотека "Любен Каравелов" Русе Заемна - подръчен фонд 2007-06-19 Заемна - подръчен фонд 9.95 120000714680 П 820(73)-31/Д 37 120000714680 1 5.09 Дост: Pk Вид: Ф N: 141 Дата: 19.06.2007 Дата инв: 15.02.2018 Бележки инв: П2018 Книги
Изтеглен Не е изгубен Universal Decimal Classification Не е повреден без рестрикции заемане за дома 116660 Регионална библиотека "Любен Каравелов" Русе Регионална библиотека "Любен Каравелов" Русе Заемна - подръчен фонд 2007-06-19 Заемна - подръчен фонд 9.95 120000714681 П 820(73)-31/Д 37 120000714681 2 5.09 Дост: Pk Вид: Ф N: 141 Дата: 19.06.2007 Книги
  Не е изгубен   Не е повреден без рестрикции ползва се в читалня 116661 Регионална библиотека "Любен Каравелов" Русе Регионална библиотека "Любен Каравелов" Русе Хранилище 2008-01-28 Хранилище 9.95 120000722546 Цб 234436 120000722546 3 5.09 Дост: Dp Вид: Д N: 42 Дата: 27.09.2007 Книги
Vip Innovations Ltd, Rousse, Bulgaria 2025